00434 2200169 4500001002100000005001500021035002000036008004100056245002700097100001700124260003000141300001300171084001700184082001100201650002600212990002600238INLIS00000000000031220240123124034 a0010-0823000312240123 0 ind 1 aMuhammad Rasul Penutup aNawawi Rambe aJakarta :bWidjaya,c1981 a124 hlm. a2x9. 1 RAN m a2x9. 1 4aSejarah Nabi Muhammad a0545/STITINKA/01/2023